| 000 -LEADER |
| fixed length control field |
00667cam a22001217a 4500 |
| 008 - FIXED-LENGTH DATA ELEMENTS--GENERAL INFORMATION |
| fixed length control field |
180718b1981 xxu||||| |||| 00| 0 eng d |
| 082 ## - DEWEY DECIMAL CLASSIFICATION NUMBER |
| Classification number |
R22065x54 In2/1974-75 |
| 245 ## - TITLE STATEMENT |
| Title |
Occupational wage survey, report: report on textile industries (survey period-July to October, 1975), (reference period-January 1975) for cotton, silk and woollen textiles, (March 1975) for jute textiles |
| Statement of responsibility, etc. |
by Labour Bureau, Ministry of Labour and Rehabilitation |
| 260 ## - PUBLICATION, DISTRIBUTION, ETC. |
| Place of publication, distribution, etc. |
Chandigarh |
| Name of publisher, distributor, etc. |
Labour Bureau, Ministry of Labour and Rehabilitation |
| Date of publication, distribution, etc. |
1981 |
| 300 ## - PHYSICAL DESCRIPTION |
| Extent |
237+p. |
| 650 ## - SUBJECT ADDED ENTRY--TOPICAL TERM |
| Topical term or geographic name entry element |
Wages surveys - Textiles workers - India |
| 700 ## - ADDED ENTRY--PERSONAL NAME |
| Personal name |
India. Ministry of Labour and Rehabilitation. Labour Bureau |